Aggravated Assault Quiz Stats

 Plays Quiz not verified by Sporcle

Score 0/9 Timer 01:00
0 Plays Today
% Correct
Attempts
81.8%
Cause
72.7%
Causes
63.6%
serious bodily injury
63.6%
intentionally
54.5%
knowingly
54.5%
recklessly
45.5%
manifesting extreme indifference to the value of human life
45.5%
circumstances
36.4%

You're not logged in!

Compare scores with friends on all Sporcle quizzes.
OR
Log In

Show Comments

Extras

Created Nov 22, 2010ReportNominate
Tags:assault, statute

Top Quizzes Today


Score Distribution

Your Account Isn't Verified!

In order to create a playlist on Sporcle, you need to verify the email address you used during registration. Go to your Sporcle Settings to finish the process.

Report this User

Report this user for behavior that violates our Community Guidelines.

Details: